000 01266nam0a22002771 4500
001 v19\rc\1818133
005 20180319110427.0
035 _a(NLR Aleph) 004916533
090 _a5532831
_c5532831
100 _a20071224d1907 |||y0rusy50 ca
101 0 _arus
102 _aRU
105 _ay c |||||
200 1 _aО санитарном состоянии земских школ Звенигородского уезда с указанием необходимых ремонтных и строительных нужд
_e[Докл.] по нар. образованию
_fСост. сан. врачом А.В. Мольковым
_gЗвенигор. уезд. зем. собр. Очеред. сессия 1907 г.
210 _aМосква
_cтип. К.Л. Меньшикова
_d1907
215 _a16 с.
_d24
700 1 _aМольков
_bА. В.
_cврач-гигиенист
_f1870-1947
_gАльфред Владиславович
_3RU\NLR\AUTH\770185943
_4220
712 0 2 _aЗвенигородское уезд. земское собрание
801 0 _aRU
_bNLR
_gpsbo
801 0 _aRU
_bRuMoRGB
_2psbo
801 1 _aRU
_bProSoft-M
_2rusmarc
852 _aNLR
_bЗем
_j21-7/Д1(1907/2)
899 _aБАН
942 _cBOOK
980 _aNB